00398nam a2200145Ia 4500003000400000005001700004008004100021040001800062041000800080100003500088110002300123245005100146260001700197710003800214OSt20260310163130.0211028s2013 xx 000 0 und d cAIMIT LIBRARY aeng aJose, Anu; T, Vanitha.g101705 aAnnapoorna Shetty. aTyre management system: reconditioning phase / aCochinc2013 aPurpleframe Technologies Pvt Ltd.